00274nam a2200097Ia 4500008004100000100003300041245004300074260003700117300000800154650001400162190216s9999||||xx |||||||||||||| ||und|| aJagalampa Singhand Jayasingh 0aPhoto Chemistry And Percyclic Reaction bNew Age International Publishers a379 aChemistry